Τα real options στην αγορά ενέργειας

Στην εργασία αυτή γίνεται αναφορά στην αγορά ενέργειας τόσο στην Ελλάδα όσο και στο εξωτερικό. Αναφερόμαστε στην πορεία της αγοράς αυτής και πως φτάσαμε σήμερα να μιλάμε για απελευθερωμένη αγορά.Στη συνέχεια συνδέουμε τα χρηματοοικονομικά με τα πραγματικά δικαιώματα και στη συνέχεια ορίζουμε τις ένν...

Πλήρης περιγραφή

Αποθηκεύτηκε σε:
Λεπτομέρειες βιβλιογραφικής εγγραφής
Κύριος συγγραφέας: Κάτηρα, Ειρήνη
Συγγραφή απο Οργανισμό/Αρχή: Πανεπιστήμιο Αιγαίου. Σχολή Θετικών Επιστημών. Τμήμα Στατιστικής και Αναλογιστικών-Χρηματοοικονομικών Μαθηματικών. Μεταπτυχιακό Πρόγραμμα Στατιστική και Αναλογιστικά - Χρηματοοικονομικά Μαθηματικά
Μορφή: Thesis Βιβλίο
Γλώσσα:Greek
Δημοσίευση: 2011.
Θέματα:
Ετικέτες: Προσθήκη ετικέτας
Δεν υπάρχουν, Καταχωρήστε ετικέτα πρώτοι!

MARC

LEADER 00000cam a2200000 i 4500
001 1/13836
008 110621s2011 gr | ||| |||| ||gre||
035 |l 10110348 
040 |a GR-MyUA  |b gre  |e AACR2 
041 0 |a gre 
082 0 |a 333.7923231   |2 (22) 
100 1 |a Κάτηρα, Ειρήνη. 
245 1 3 |a Τα real options στην αγορά ενέργειας /   |c Ειρήνη Κάτηρα ; επιβλέπων καθηγητής Στέλιος Ξανθόπουλος.  
260 |c 2011. 
300 |a 83 σ. :   |b σχέδια, πιν. ;   |c 30 εκ.  
500 |a Περιορισμός στην πρόσβαση του ηλεκτρονικού τεκμηρίου.  
502 |a Διατριβή (μεταπτυχιακή) – Πανεπιστήμιο Αιγαίου, Σάμος, 2011.  
504 |a Βιβλιογραφία: σ. 82-83.  
520 |a Στην εργασία αυτή γίνεται αναφορά στην αγορά ενέργειας τόσο στην Ελλάδα όσο και στο εξωτερικό. Αναφερόμαστε στην πορεία της αγοράς αυτής και πως φτάσαμε σήμερα να μιλάμε για απελευθερωμένη αγορά.Στη συνέχεια συνδέουμε τα χρηματοοικονομικά με τα πραγματικά δικαιώματα και στη συνέχεια ορίζουμε τις έννοιες του spark spread, spark spread option και locational spread option.Τέλος κάνουμε ένα διαχωρισμό μεταξύ των αποφάσεων παραγωγής και εμπορίου.  
610 2 0 |a University of the Aegean  |x Dissertations. 
650 0 0 |a Real options (Finance) 
650 0 0 |a Electric power  |x Pricing. 
650 0 0 |a Dissertations, Academic  |z Greece. 
700 1 |a Ξανθόπουλος, Στυλιανός,  |e dgs 
710 2 |a Πανεπιστήμιο Αιγαίου.   |b Σχολή Θετικών Επιστημών.   |b Τμήμα Στατιστικής και Αναλογιστικών-Χρηματοοικονομικών Μαθηματικών.   |b Μεταπτυχιακό Πρόγραμμα Στατιστική και Αναλογιστικά - Χρηματοοικονομικά Μαθηματικά. 
852 |a INST  |b SAMOS  |c DIATR  |e 20110621  |h 333.7923231 ΚΑΤ  |p 005300032629  |q 005300032629  |t MTXE  |y 23 
852 |a INST  |b SAMOS  |c DIATR  |e 20110621  |h 333.7923231 ΚΑΤ  |p 005300032630  |q 005300032630  |t MTXE  |y 23 
901 |a BIBL3-2011-2 
909 |a Σ  |b 167233 
909 |a Σ  |b 167234 
924 |a Κάτηρα   |b Ειρήνη  |y Σάμος  |z 2011-06 
970 |a ΚΟΣΙΕΡΗΣ  |b ΧΡΗΣΤΟΣ  |z 2011/06/21